| 000 | 00507pab a2200157 454500 | ||
|---|---|---|---|
| 008 | 180718b2002 xxu||||| |||| 00| 0 eng d | ||
| 100 | _aChoudhury, Enamul | ||
| 245 | _aThe shifting meaning of governance : public accountability of third sector organizations in an emergent global regime | ||
| 260 | _c2002 | ||
| 300 | _ap.561-88. | ||
| 650 | _aAccountability | ||
| 650 | _aPublic administration | ||
| 700 | _aAhmed, Shamima | ||
| 773 | _aInternational Journal of Public Administration | ||
| 909 | _a52787 | ||
| 999 |
_c52787 _d52787 |
||